000 01181nam a22002657a 4500
005 20100629141657.0
008 100629t xxu||||| |||| 00| 0 hin d
010 _aHIN-89575
020 _a9789350002216
_c250.00
035 _aHN-61921
037 _bDBAD / PUB
040 _aDPL
_bHN
082 _a821
100 _aढेरे, अरूणा
_920033
245 _aबन्द अधरों से /
_cअरूणा ढेरे ; रामजी तिवारी द्वारा अनुदित
246 _aBand Adhron Se/
_bby Aruna Dhere
260 _aनई दिल्ली
_bवाणी प्रकाशन
_c2010
270 _a4695, 21-ए, दरियागंज
_bनई दिल्ली
_e110002
300 _a101पृ
_c22सेमी (सजिल्द)
650 _aहिन्दी कविता
_9697
650 _aHindi Poetry
_9698
700 _aतिवारी, रामजी
_920034
942 _2ddc
_cHN
_mढेरेअ
_h821
999 _c36764
_d36764